000 00605nam a22001337a 4500
040 _cRUA
082 _aAVM YOR 2013 B106 Or.1
100 _aYORT, SOPHEN.
245 _astudying on lameness disease in pony in srey sontur district, kampongcham province (ការសិក្សាពីជំងឺ lameness នៅលើសេះនៅស្រុកស្រីសន្ធរ ខេត្តកំពង់ចាម)
260 _aPhnom Penh
_bRUA
_c2013
300 _axiii, 64p.
_bill.
_c29cm.
856 _uhttps://drive.google.com/file/d/1lMhYdQp8801X9Zbx8Iev7B73xBGoE2eX/view?usp=sharing
942 _cAVM
999 _c2634
_d2634